|
|
|
|
| LEADER |
00000nam a2200000 a 4500 |
| 001 |
UCP9698 |
| 003 |
CL-VaPUC |
| 008 |
000331e19680000SP |||||||||||||||||spa|d |
| 082 |
0 |
4 |
|a 938
|b LEV
|2 21
|
| 100 |
|
|
|a Lévêque, Pierre
|e author
|9 521193
|
| 245 |
1 |
3 |
|a La aventura griega
|
| 300 |
|
|
|a 625 p
|
| 942 |
|
|
|c BK
|
| 945 |
|
|
|d 20000331 00:00:00
|a rherrera
|
| 260 |
|
|
|a Barcelona
|b Labor
|c 1968
|
| 600 |
|
0 |
|a Pericles
|9 268847
|
| 600 |
0 |
7 |
|a PLATON
|2 CL-VaPUC
|9 222
|
| 650 |
|
0 |
|a Historia antigua
|9 267521
|
| 650 |
|
0 |
|a Aqueos
|9 440105
|
| 650 |
|
7 |
|a DORIOS
|2 CL-VaPUC
|9 440432
|
| 650 |
|
7 |
|a INVASIONES
|2 CL-VaPUC
|9 392362
|
| 650 |
|
0 |
|a Grecia arcaica
|9 440446
|
| 650 |
|
0 |
|a Ciudades
|9 265474
|
| 650 |
|
0 |
|a Colonización
|9 265172
|
| 650 |
|
0 |
|a Helenismo
|9 267485
|
| 651 |
|
0 |
|a Grecia
|9 265314
|
| 583 |
|
|
|a last modification
|c 20180417 03:19:56
|k Rodrigo Vera
|
| 999 |
|
|
|c 286486
|d 286484
|
| 952 |
|
|
|0 0
|1 0
|4 0
|6 938_000000000000000_LEV_1968
|7 0
|8 A
|9 332450
|a BIBHIS
|b BIBHIS
|d 2019-11-20
|i 1260847
|o 938 LEV 1968
|p 1260847
|r 2023-01-25
|w 2019-11-20
|y BK
|k HIS
|